Савич Н. О подготовке сметы Морского Министерства

Доступно только в Электронных читальных залах Найти на картеНа карте
RUSMARC
00004371nac2a22003013x 450
001de3b2100-42d0-482e-95c7-52610044e8b7
00520211210103703.0
100##$a20211120l1899 k y0rusy50 ca
1010#$arus
102##$aRU
105##$ay z |||||
1222#$ad18991231
$ad19131231
2001#$aСавич Н. О подготовке сметы Морского Министерства
$j[19--]
215##$a5 листов
251##$cДело
300##$aЗаголовок дела на папке: Письмо Савича Н. - Звегинцеву Ал. Ив. (О подготовке сметы Морского министерства)
300##$aНа папке дела: Без даты
300##$aРукописный текст
330##$aВходит в раздел описи: 1. Письма к А. И. Звегинцову. 2/ Письма по служебной деятельности А. И. Звегинцова
461#0$1001fc48e33c-c630-4015-85dd-2f2aab656f45
$12001
$aЗвегинцев Александр Иванович, помещик Воронежской губернии, депутат III Государственной думы, член партии "Союз 17 октября"
$1251
$cФонд
$1852
$j932
462#0$1001ddcf82e7-7bd9-4c5e-b7f1-85df8b3febb3
$12001
$aДела постоянного хранения. 1899-1913 гг.
$vД. 318
$1251
$cОпись
$1852
$j1
5171#$aПисьмо Савича Н. - Звегинцеву Ал. Ив. (О подготовке сметы Морского министерства)
600#1$aЗвегинцев
$bА. И.
$gАлександр Иванович
600#1$aСавич
$bН.
60101$3RU\NLR\AUTH\889944065
$aРоссия
$bМорское министерство
801#0$aRU
$bGA_RF
801#1$aRU
$bГлавНИВЦ
$c20211120
$2rusmarc
801#2$aRU
$bПБ им. Б.Н. Ельцина
$c20211210
$gRCR
$2rusmarc
852##$aГА РФ
$j318
937##$d171399665
$hГАРФ
035##$aRuPRLIB51062563
856##$uhttp://readingroom.main.prlib.ru/item.aspx?id_node=n171399665&mode=full
Формат отображения